| 000 | 01068nam a22002537a 4500 | ||
|---|---|---|---|
| 001 | 5060 | ||
| 003 | FISKH | ||
| 005 | 20241104122847.0 | ||
| 008 | 241104b cb ||||| |||| 00| 0 eng d | ||
| 020 | _a9781400031320 | ||
| 040 |
_aFISKH _beng _cFISKH _dFISKH |
||
| 050 | _aPS3554.E437 | ||
| 082 | _a813.54 | ||
| 100 | _aDelany, Samuel r. | ||
| 245 |
_aThe Fall of the Towers / _cby Samuel R. Delany |
||
| 260 |
_aNew York : _bVitage Books ; _c1963. |
||
| 300 |
_a438 pages : _billustrations ; _c20 cm . |
||
| 490 |
_aThe Fall of the Towers _vOmnibus 01-03 |
||
| 520 | _aCome and enter Samuel Delany's tomorow, in this trilogy of high adventure, with acrobats and urchins, criminals and courtiers, fishermen and factory-workers, madmen and mind-readers, dwarves and ducheses, giants and geniuses, merchants and mathematicians, soldiers and scholars, pirates and poets, and a gallery of aliens who fly, crawl, burrow, or swim. | ||
| 650 |
_apost-apocalyptic _vscience fiction |
||
| 700 |
_aHamilton, James _ePhotographer |
||
| 942 |
_2ddc _cBK _n0 |
||
| 999 |
_c5060 _d5060 |
||